| 000 | 00504nam a2200169Ia 4500 | ||
|---|---|---|---|
| 999 |
_c35285 _d35285 |
||
| 003 | OSt | ||
| 005 | 20201222104702.0 | ||
| 008 | 190216s9999||||xx |||||||||||||| ||und|| | ||
| 040 | _coclc | ||
| 082 |
_a510.76 _bNEW/T |
||
| 100 |
_aNewman, James R _97751 |
||
| 245 | 4 |
_aThe Universal Encyclopedia Of Mathematics / _cJames R Newman |
|
| 260 |
_bSimon And Schuster, _c1963. _aNew York: |
||
| 300 | _a714p | ||
| 650 | _aMathematics | ||
| 942 |
_cREF _2ddc _h510.76 _iNEW/T _k510.76 _mNEW/T |
||